000 00654nam a2200253Ia 4500
005 20250425161901.0
008 250425s9999 xx 000 0 und d
020 _a8476156669
041 _aspa
043 _asp
082 _a658.4038
100 _aANDREU, RAFAEL
245 0 _aESTRATEGIA Y SISTEMAS DE INFORMACION
250 _a1A ED.
260 _aEspaña
_bMCGRAW-HILL
_c1991
260 _aMADRID
300 _a187
650 _aADMINISTRACION DE SISTEMAS DE INFORMACION
650 _aESTRATEGIAS
650 _aTECNOLOGIA DE LA INFORMACION
710 _aMCGRAW-HILL INTERAMERICANA DE ESPAÑA S.A.
942 _c01
010 _a33739
999 _c218103
_d218103